| 000 | 00537 a2200169 4500 | ||
|---|---|---|---|
| 001 | 127472 | ||
| 020 | _a9781848577541 | ||
| 040 | _cEscola Canadense de Niteroi | ||
| 090 | _aTEC | ||
| 100 | _aTeckentrup, Britta | ||
| 245 | 1 | 0 | _aMeu Livrinho de Números |
| 362 | 0 | _a2018 | |
| 520 | _aAprenda a contar com os animaizinhos. Lindas ilustrações das adoráveis personagens e um texto que estimula a memória ativa desenvolve, habilidade de contar e da linguagem. | ||
| 650 | 4 | _aContagem Numérica | |
| 650 | 4 | _aAnimais | |
| 942 | _cBK | ||
| 999 |
_c127472 _d127472 |
||